000 00724nam a2200265Ia 4500
003 OSt
005 20221006150910.0
006 a|||||r|||| 00| 0
007 ta
008 221006b |||||||| |||| 00| 0 jpn d
020 _c¥2000
024 _a20,154
037 _bGift, Japan Foundation
_cTextual
040 _aEASL
_cEASL
_bjpn
041 _2jpn
_ajpn
082 _aX:326.42.N7, L9
100 _aSHODA Kenichiro
_9657924
245 0 _aNihon shihon shugi to kindaika
260 _aTokyo
_bNihon Hyoronsha Japan
_c1979
300 _a230p
_ccm.
490 _v JL
650 _aJL
942 _hX:326.42.N7, L9
_cTEXL
_2CC
999 _c1088240
_d1088240